| 000 | 00891nam a2200253 i 4500 | ||
|---|---|---|---|
| 001 | 81059 | ||
| 003 | ES-MaACL | ||
| 007 | t| | ||
| 008 | 041102s1987 mx ||||1| spa d | ||
| 020 | _a84-7223-459-2 | ||
| 100 | 1 |
_aHofstadter, Douglas R. _963969 |
|
| 245 | 1 | 0 |
_aGödel, Escher, Bach _b: un eterno y gracil bucle / _cDouglas R. Hofstadter ; traducción, Mario A. Usabiaga y Alejandro López Rousseau ; colaboradores, Franco Simonetti ... [et al.]. |
| 260 |
_aBarcelona : _bTusquets, _c1987. |
||
| 300 |
_aXXIX, 882 p. : _bil. ; _c24 cm. |
||
| 490 | 1 |
_aMatemas. Superínfimos ; _v14 |
|
| 500 | _aIndice. | ||
| 504 | _aBibliografía. | ||
| 700 | 1 |
_aUsabiaga, Mario A. _9112290 |
|
| 700 | 1 |
_aLópez Rousseau, Alejandro. _973937 |
|
| 700 | 1 |
_aSimonetti, Franco. _9106574 |
|
| 830 | 0 |
_aMatemas. Superínfimos ; _v14 _9231521 |
|
| 852 |
_aES-MaACL _jG-4496 |
||
| 999 |
_c81059 _d81059 |
||